000 003020000a22001450004500
003 MACL
040 _aMACL
090 _c33847
_d33845
100 _aMorrison, Michal
245 _aMFC
260 _bSama Techmedia
_c1999
350 _a180
650 _aComputer probraming
942 _cBOOK
_k005.133/Mor
999 _c33492
_d33492